| 000 | 00825nam a2200253 i 4500 | ||
|---|---|---|---|
| 001 | 17940 | ||
| 003 | ES-MaACL | ||
| 005 | 20250815083017.0 | ||
| 007 | t| | ||
| 008 | 010626s1967 sp |||| | spa d | ||
| 080 | _a338.98(460)"19" | ||
| 080 | _a338(460)"19" | ||
| 100 |
_aVelarde Fuertes, Juan, _9236903 _d1927-2023 |
||
| 245 | 1 | 0 |
_aSobre la decadencia económica de España / _cJuan Velarde Fuertes. |
| 260 |
_aMadrid : _bTecnos, _c[1967] |
||
| 300 |
_a654 p. ; _c23 cm. |
||
| 490 | 1 |
_aBiblioteca Tecnos de Ciencias Económicas ; _v6 |
|
| 651 | 4 |
_aEspaña- _xSituación económica- _yS.XX. _98505 |
|
| 830 | 0 | 0 |
_aBiblioteca Tecnos de ciencias económicas _v6 _9182602 |
| 852 |
_aES-MaACL _jAND-54 _z. - Biblioteca Juan Andrade |
||
| 852 |
_aES-MaACL _jC-33022 |
||
| 942 | _2udc | ||
| 999 |
_c17940 _d17940 |
||